[Event "BCF-chT2d 1314 (4NCL)"]
[Site "England"]
[Date "2014.05.05"]
[Round "11.66"]
[White "Richmond, Jane"]
[Black "Hewitt, William"]
[Result "1-0"]
[WhiteElo "2078"]
[BlackElo "2040"]
[PlyCount "85"]
[EventDate "2013.11.16"]
[EventType "team-tourn"]
[EventRounds "11"]
[EventCountry "ENG"]
[SourceTitle "EXT 2015"]
[Source "ChessBase"]
[SourceDate "2014.11.20"]
[SourceVersion "1"]
[SourceVersionDate "2014.11.20"]
[SourceQuality "1"]
[WhiteTeam "Brown Jack"]
[BlackTeam "Rhyfelwyr Essyllwg"]
[WhiteTeamCountry "ENG"]
[BlackTeamCountry "ENG"]

1. e4 c6 2. Ne2 d5 3. e5 Bf5 4. Ng3 Bg6 5. h4 h5 6. e6 fxe6 7. d4 e5 8. dxe5 e6 9. Bd3 Bxd3 10. Qxd3 Qc7 11. 0-0 Ne7 12. Bg5 Na6 13. Nc3 0-0-0 14. Rfe1 Re8 15. a3 g6 16. b4 Nb8 17. Na4 b6 18. c4 Nd7 19. cxd5 Nxd5 20. Qxg6 Be7 21. Bxe7 Rxe7 22. Qg5 Rf7 23. Rac1 Rhf8 24. Rc2 Kb7 25. Nb2 Nb8 26. Nc4 Rg7 27. Qh6 Qe7 28. Nd6+ Ka8 29. Nde4 Qf7 30. Ng5 Qg6 31. Qxg6 Rxg6 32. N3e4 Kb7 33. g3 Kc7 34. Nd6 Nd7 35. Nb5+ Kb7 36. Nd4 c5 37. Ndxe6 Re8 38. Nf4 Nxf4 39. gxf4 Kc6 40. Kg2 Rf8 41. Kf3 a5 42. Ke4 axb4 43. axb4 1-0